[Event "Burjassot Provincial-ch Primera"]
[Site "Burjassot"]
[Date "2011.11.19"]
[Round "6.4"]
[White "Del Rosario Hervas, Enrique Mar"]
[Black "Cubells Vazquez, Pablo"]
[Result "0-1"]
[WhiteElo "1621"]
[BlackElo "1436"]
[PlyCount "97"]
[EventDate "2011.10.01"]
[EventType "swiss"]
[EventRounds "7"]
[EventCountry "ESP"]
[SourceTitle "EXT 2024"]
[Source "ChessBase"]
[SourceDate "2023.10.10"]
[SourceVersion "1"]
[SourceVersionDate "2023.10.10"]
[SourceQuality "1"]

1. e4 e5 2. Nf3 Nc6 3. Bb5 a6 4. Bxc6 dxc6 5. 0-0 Bd6 6. d4 Bg4 7. dxe5 Bxf3 8. Qxf3 Bxe5 9. Rd1 Qf6 10. Qg4 Rd8 11. Rxd8+ Qxd8 12. c3 Nf6 13. Qe2 h6 14. f4 Bd6 15. e5 Bc5+ 16. Kf1 Nd5 17. a3 0-0 18. c4 Ne7 19. Be3 Bxe3 20. Qxe3 Nf5 21. Qd2 Qxd2 22. Nxd2 Rd8 23. Ke2 Nd4+ 24. Kf2 Ne6 25. Ke3 Nxf4 26. Ne4 Nxg2+ 27. Kf3 Nh4+ 28. Kg4 Ng6 29. Kf5 Rd4 30. e6 fxe6+ 31. Kxg6 Rxe4 32. Rd1 Rg4+ 33. Kh5 Rxc4 34. h4 Rc5+ 35. Kg6 Rd5 36. Re1 e5 37. Re2 Rd6+ 38. Kf5 Kf7 39. Rxe5 Rd5 40. Ke4 Rxe5+ 41. Kxe5 a5 42. b3 g6 43. Ke4 Ke6 44. b4 axb4 45. axb4 g5 46. h5 b6 47. Ke3 Kf5 48. Kf3 g4+ 49. Kg2 0-1

[Event "Provincial-ch Valencia Primera"]
[Site "Valencia"]
[Date "2009.11.21"]
[Round "7.13"]
[White "Buenafe Moya, Jesus"]
[Black "Del Rosario Hervas, Enrique Mar"]
[Result "1-0"]
[WhiteElo "1789"]
[BlackElo "1825"]
[PlyCount "78"]
[EventDate "2009.10.03"]
[EventType "swiss"]
[EventRounds "7"]
[EventCountry "ESP"]
[SourceTitle "EXT 2024"]
[Source "ChessBase"]
[SourceDate "2023.10.10"]
[SourceVersion "1"]
[SourceVersionDate "2023.10.10"]
[SourceQuality "1"]

1. d4 d5 2. Nf3 Nf6 3. c4 c6 4. Nc3 Bf5 5. Qb3 Qb6 6. c5 Qxb3 7. axb3 Nbd7 8. Bf4 Nh5 9. Bc7 Nhf6 10. h3 Ne4 11. Nh4 Nxc3 12. bxc3 Bc2 13. Kd2 Bxb3 14. Rb1 Bc4 15. Rxb7 g6 16. e3 Bxf1 17. Rxf1 Bg7 18. Ra1 a6 19. Bb6 Nf6 20. f3 e6 21. g4 0-0 22. Rc7 g5 23. Ng2 Rfb8 24. Rxc6 Nd7 25. h4 h6 26. hxg5 hxg5 27. Ne1 Bf6 28. Nd3 Nxb6 29. Rxb6 Rxb6 30. cxb6 Be7 31. Nc5 a5 32. c4 dxc4 33. Kc3 Bd8 34. b7 Rb8 35. Kxc4 Be7 36. Rb1 Bd6 37. Rb6 Bg3 38. Nd7 Bc7 39. Nxb8 Bxb6 1-0

[Event "Andalucia-ch Seniors"]
[Site "Almeria"]
[Date "2009.10.09"]
[Round "3.3"]
[White "Del Rosario Hervas, Enrique Mar"]
[Black "Munoz Orts, German"]
[Result "0-1"]
[WhiteElo "1825"]
[BlackElo "2190"]
[PlyCount "78"]
[EventDate "2009.10.08"]
[EventType "swiss"]
[EventRounds "6"]
[EventCountry "ESP"]
[SourceTitle "EXT 2024"]
[Source "ChessBase"]
[SourceDate "2023.10.10"]
[SourceVersion "1"]
[SourceVersionDate "2023.10.10"]
[SourceQuality "1"]

1. e4 e5 2. Nf3 Qe7 3. Bc4 h6 4. c3 Nc6 5. 0-0 d6 6. d4 Nf6 7. d5 Nb8 8. Re1 g6 9. Nbd2 Bg7 10. Nf1 0-0 11. Ng3 Nh7 12. Be3 f5 13. exf5 gxf5 14. Nh5 Qf7 15. Nxg7 Qxg7 16. Qd2 f4 17. Nxe5 fxe3 18. Rxe3 Kh8 19. Nd3 Ng5 20. Qe2 Bf5 21. Rg3 Qh7 22. Re1 Nd7 23. Re3 Rg8 24. Kh1 Raf8 25. Re7 Rf7 26. Re8 Rxe8 27. Qxe8+ Rf8 28. Qe3 Nb6 29. Qd4+ Qg7 30. Qxg7+ Kxg7 31. Bb3 Bxd3 32. Re3 Rxf2 33. h4 Ne4 34. Rxd3 Re2 35. Kh2 a5 36. Rd4 Nf6 37. Bd1 Rxb2 38. Bb3 a4 39. Bxa4 Rxa2 0-1